Factores asociados a hospitalización por varicela en mujeres gestantes de Monteria - Colombia 2016 -2023 / (Registro nro. 49010)
[ vista simple ]
| 000 -LEADER | |
|---|---|
| fixed length control field | 01855nam a2200253 4500 |
| 005 - DATE AND TIME OF LATEST TRANSACTION | |
| control field | 20250617144531.0 |
| 008 - FIXED-LENGTH DATA ELEMENTS--GENERAL INFORMATION | |
| fixed length control field | 190415s2025 000 0 eng d |
| 040 ## - CATALOGING SOURCE | |
| Original cataloging agency | CO-CtgCURN |
| Language of cataloging | spa |
| Transcribing agency | coctgcurn |
| 082 0# - DEWEY DECIMAL CLASSIFICATION NUMBER | |
| Classification number | INQ 2025 |
| Item number | C266 |
| 100 1# - MAIN ENTRY--PERSONAL NAME | |
| Personal name | Cardenas Yepes, Andrea. |
| 245 10 - TITLE STATEMENT | |
| Title | Factores asociados a hospitalización por varicela en mujeres gestantes de Monteria - Colombia 2016 -2023 / |
| Statement of responsibility, etc. | Andrea Cárdenas Yepes; Heylen Morales Herrera; Isis Eljadue Herrera; Maria Fernanda Quintero Vásquez; Asesor: Jaime Alberto Lorduy Gomez. |
| 260 ## - PUBLICATION, DISTRIBUTION, ETC. | |
| Place of publication, distribution, etc. | Cartagena de Indias : |
| Name of publisher, distributor, etc. | Corporación Universitaria Rafael Nuñez, |
| Date of publication, distribution, etc. | 2025. |
| 300 ## - PHYSICAL DESCRIPTION | |
| Extent | 66 hojas. |
| 504 ## - BIBLIOGRAPHY, ETC. NOTE | |
| Bibliography, etc. note | Trabajo de grado (Instrumentación quirúrgica). Corporación Universitaria Rafael Nuñez. Facultad de Ciencias de la Salud. Instrumentación Quirúrgica, 2025. |
| 520 ## - SUMMARY, ETC. | |
| Summary, etc. | "La varicela, una enfermedad viral altamente contagiosa causada por el virus varicela zster (VVZ), representa una amenaza considerable durante el embarazo debido a las posibles complicaciones tanto para la madre como para el feto. Aunque su curso suele ser benigno en la infancia, en mujeres gestantes puede tornarse severo, generando riesgos como neumona varicela, síndrome de varicela congnita (SVC), aborto espontáneo, muerte fetal y malformaciones congénitas. " |
| 650 #0 - SUBJECT ADDED ENTRY--TOPICAL TERM | |
| Topical term or geographic name entry element | Instrumentación quirúrgica |
| Form subdivision | Tesis y disertaciones academicas. |
| 700 1# - ADDED ENTRY--PERSONAL NAME | |
| Personal name | Quintero Vásquez, María Fernanda. |
| 700 1# - ADDED ENTRY--PERSONAL NAME | |
| Personal name | Eljadue Herrera, Isis. |
| 700 1# - ADDED ENTRY--PERSONAL NAME | |
| Personal name | Morales Herrera, Heylen. |
| 700 1# - ADDED ENTRY--PERSONAL NAME | |
| Personal name | Lorduy Gómez, Jaime Alberto, |
| Relator term | Asesor. |
| 856 ## - ELECTRONIC LOCATION AND ACCESS | |
| Uniform Resource Identifier | <a href="https://unicurn.sharepoint.com/:b:/s/biblioteca/ETwTXvWS865Gk59DcVcoi60BqWfOspBz4_ToLQgOb9pnyQ?e=3xNdgt">https://unicurn.sharepoint.com/:b:/s/biblioteca/ETwTXvWS865Gk59DcVcoi60BqWfOspBz4_ToLQgOb9pnyQ?e=3xNdgt</a> |
| Public note | Click aqui para ver el recurso en texto completo |
| 942 ## - ADDED ENTRY ELEMENTS (KOHA) | |
| Source of classification or shelving scheme | Dewey Decimal Classification |
| Koha item type | Trabajos de grado |
| Classification part | INQ 2025 |
| Item part | C266 |
| Withdrawn status | Lost status | Source of classification or shelving scheme | Damaged status | Not for loan | Collection | Home library | Current library | Shelving location | Date acquired | Source of acquisition | Cost, normal purchase price | Inventory number | Total checkouts | Full call number | Barcode | Date last seen | Price effective from | Koha item type |
|---|---|---|---|---|---|---|---|---|---|---|---|---|---|---|---|---|---|---|
| Dewey Decimal Classification | Trabajos de grado | Miguel Henríquez Emiliani | Miguel Henríquez Emiliani | Trabajo de grado | 06/01/2019 | El autor | 350000.00 | 025501 | INQ 2025 C266 | 025501 | 06/20/2019 | 06/20/2019 | Trabajos de grado |